Personnages Brawl Stars - Click quiz - 4 - Statistiques

Statistiques générales
  • Ce quiz a été pris 73 fois
  • Le résultat moyen est 11 sur 16
Statistiques - réponses
Hint Réponse % Correct
Elle joue avec le feu au sens propre Ambre
88%
Elle combat dans un robot Meg
86%
Il vend des glaces Lou
83%
Il est maître-nageur et déguisé en dinosaure Buzz
81%
Il est un chien Médor
81%
Il est une expérience ratée et gluante Squeak
81%
Il a des écharpes vivantes autour de son cou Edgar
76%
Elle utilise un marteau piqueur Jackie
76%
Il est médecin Byron
74%
Il est fan des films de kung-fu Fang
74%
Il est un robot qui n'a qu'une roue Stu
71%
Il est un robot super-héros Surge
69%
Il a la tête coincée dans une machine de casino Griff
64%
Il est un nourrisson Piège !
45%
Il est un robot incubateur Wally
45%
Il lance des talkie-walkie Grom
43%
Aucun quiz correspondant
Distribution des résultats
% des personnes avec chaque résultat
Percentile par nombre de réponses
Votre historique - résultats
Vous n’avez pas pris ce quiz